No Man Is an Island /

Uloženo v:
Podrobná bibliografie
Hlavní autor: Merton, Thomas (autor)
Médium: Kniha
Jazyk:angličtina
Vydáno: Nueva York, EUA : Dell, 1962, c1957
Edice:(Chapel Book)
Témata:
Tagy: Přidat tag
Žádné tagy, Buďte první, kdo vytvoří štítek k tomuto záznamu!

MARC

LEADER 00000nam^a2200000^a^4500
001 000286789
005 20250521000000.0
009 20260526134759.558
037 |a Acervo Xavier Clavigero 
041 |a ING 
082 |a 248. 34  |b MER 
100 |a Merton, Thomas  |e (autor) 
240 1 5 |a [Los hombres no son islas] 
245 1 0 |a No Man Is an Island /  |c T. Merton 
264 4 |a Nueva York, EUA :  |b Dell,  |c 1962, c1957 
300 |a 254 p. 
336 |a texto  |b txt  |2 rdacontenido 
337 |a sin mediación  |b n  |2 rdamedio 
338 |a volumen  |b nc  |2 rdasoporte 
440 1 |a (Chapel Book) 
649 |a XX 
650 |a Meditación -  |x Tema Principal 
650 |a Vida Espiritual 
650 |a Vida Cristiana 
650 |a Espiritualidad 
650 |a Iglesia Católica 
650 |a Catolicismo 
650 |a Cristianismo 
650 |a Religión 
910 |a Fondo General 
920 |a Impresos - Libros 
930 |a Colección General 
905 |a 101 
901 |a 0500173981  |b IT1  |c ACC  |u 20250521 
902 |a https://opac.biblio.iteso.mx/vufind/Record/000286789